[Event "AUT-chT 2001-2002"]
[Site "Dornbirn"]
[Date "2002.03.09"]
[Round "10.3"]
[White "Penz, Harald"]
[Black "Stanec, Nikolaus"]
[Result "0-1"]
[WhiteElo "2351"]
[BlackElo "2512"]
[PlyCount "116"]
[EventDate "2002.03.09"]

1. e4 c5 2. c3 e6 3. d4 d5 4. exd5 exd5 5. Nf3 Nc6 6. Bb5 Bd6 7. O-O Nge7 8.
dxc5 Bxc5 9. Nbd2 O-O 10. Nb3 Bd6 11. Re1 Bg4 12. Be2 Qd7 13. Nfd4 Bxe2 14.
Rxe2 Rae8 15. Be3 Ne5 16. Qc2 Bb8 17. Rae1 N7g6 18. Qf5 Qc7 19. g3 Ne7 20. Qc2
Qc8 21. f4 Nc4 22. Bc1 Nc6 23. Qf5 Rxe2 24. Rxe2 Qd8 25. Kf2 Bc7 26. Qg5 Qxg5
27. fxg5 Bb6 28. Ke1 N6e5 29. Kd1 f6 30. Kc2 fxg5 31. Bxg5 Rf1 32. Bf4 Ng6 33.
Bc1 Kf7 34. Ne6 Nge5 35. Nf4 Nf3 36. Nxd5 Bg1 37. Nd2 Ncxd2 38. Bxd2 Nxh2 39.
Re7+ Kf8 40. Rxb7 Rf2 41. Kd3 Rf3+ 42. Ke4 Rxg3 43. Bf4 Rg6 44. Bxh2 Bxh2 45.
Rxa7 h5 46. a4 Re6+ 47. Kd3 h4 48. a5 Bg1 49. Ra8+ Kf7 50. b4 h3 51. a6 h2 52.
a7 h1=Q 53. Rf8+ Kxf8 54. a8=Q+ Re8 55. Qc6 Qe4+ 56. Kd2 Be3+ 57. Ke1 Bf4+ 58.
Kf2 Qe1+ 0-1

[Event "AUT-chT 2001-2002"]
[Site "Dornbirn"]
[Date "2002.03.09"]
[Round "10.4"]
[White "Kindermann, Stefan"]
[Black "Roth, Peter"]
[Result "1/2-1/2"]
[WhiteElo "2520"]
[BlackElo "2327"]
[PlyCount "115"]
[EventDate "2002.03.09"]

1. e4 e6 2. d4 d5 3. Nc3 Nf6 4. Bg5 Be7 5. e5 Nfd7 6. Bxe7 Qxe7 7. f4 a6 8. Nf3
c5 9. dxc5 Nc6 10. Qd2 Qxc5 11. O-O-O b5 12. Ne2 b4 13. Ned4 Nxd4 14. Nxd4 Qb6
15. g4 Nc5 16. Bg2 Bd7 17. f5 O-O-O 18. Rhf1 h6 19. h4 a5 20. h5 Rhg8 21. g5
hxg5 22. Qxg5 Qc7 23. fxe6 Nxe6 24. Qe3 Nxd4 25. Rxd4 Be6 26. Rfd1 Qc5 27. Qd2
Rh8 28. Bf3 Kc7 29. Qg2 Rhg8 30. Bxd5 Bxd5 31. Rxd5 Qe3+ 32. Qd2 Qxd2+ 33.
R1xd2 Rxd5 34. Rxd5 Kb6 35. e6 fxe6 36. Rd6+ Kb5 37. Rxe6 Rf8 38. Re5+ Kb6 39.
b3 Rf2 40. Rg5 Rh2 41. Kb2 Ka6 42. a3 bxa3+ 43. Kxa3 Rxc2 44. Rxg7 Rh2 45. Rg6+
Kb7 46. Rg5 Kb6 47. Rf5 Ka6 48. Rf6+ Kb5 49. h6 Kc5 50. h7 Rxh7 51. Ka4 Rh3 52.
Rf5+ Kc6 53. Rxa5 Rh4+ 54. b4 Kb6 55. Rb5+ Ka6 56. Rg5 Rh6 57. Kb3 Kb6 58. Kc4
1/2-1/2

[Event "AUT-chT 2001-2002"]
[Site "Dornbirn"]
[Date "2002.03.09"]
[Round "10.5"]
[White "Janetschek, Karl"]
[Black "Teske, Henrik"]
[Result "1/2-1/2"]
[WhiteElo "2326"]
[BlackElo "2504"]
[PlyCount "107"]
[EventDate "2002.03.09"]

1. e4 c5 2. Nf3 Nc6 3. c3 e6 4. d4 d5 5. exd5 exd5 6. Bb5 Bd6 7. Qe2+ Nge7 8.
dxc5 Bxc5 9. Nbd2 O-O 10. Nb3 Bb6 11. Be3 Bxe3 12. Qxe3 Nf5 13. Qd2 Re8+ 14.
Be2 a5 15. O-O a4 16. Nbd4 Nfxd4 17. Nxd4 a3 18. b3 Nxd4 19. cxd4 Bf5 20. Rac1
h6 21. Rc5 b6 22. Rc6 Rc8 23. Rxc8 Qxc8 24. Rc1 Qxc1+ 25. Qxc1 Rxe2 26. g4 Bxg4
27. Qxa3 Bh3 28. Qc1 Rxa2 29. Qc3 Bf5 30. h4 Rc2 31. Qe3 Kh7 32. Qf4 Be6 33.
Qd6 b5 34. Qb4 Rc1+ 35. Kg2 Rd1 36. f3 Kg6 37. Kf2 Kh5 38. Ke2 Rb1 39. Qxb5
Kxh4 40. Qd3 Rb2+ 41. Kd1 Kg3 42. Kc1 Rf2 43. Qh7 g6 44. Qxh6 Kxf3 45. b4 Bf5
46. Qh1+ Ke3 47. Qe1+ Re2 48. Qc3+ Bd3 49. b5 Rg2 50. Qe1+ Kxd4 51. Qb4+ Ke3
52. Qe7+ Be4 53. Qa3+ Bd3 54. Qe7+ 1/2-1/2

[Event "AUT-chT 2001-2002"]
[Site "Dornbirn"]
[Date "2002.03.09"]
[Round "10.1"]
[White "Mueller, Karsten"]
[Black "Boensch, Uwe"]
[Result "1/2-1/2"]
[WhiteElo "2506"]
[BlackElo "2542"]
[PlyCount "67"]
[EventDate "2002.03.09"]

1. e4 c5 2. Nf3 Nc6 3. d4 cxd4 4. Nxd4 e5 5. Nb5 d6 6. c4 Be7 7. N1c3 a6 8. Na3
Be6 9. Bd3 Bg5 10. O-O Bxc1 11. Rxc1 Nf6 12. Nd5 O-O 13. Qd2 Nd7 14. Nc2 Nc5
15. b4 Nxd3 16. Qxd3 f5 17. exf5 Bxf5 18. Qd2 Qh4 19. b5 axb5 20. cxb5 Nd4 21.
Nxd4 Qxd4 22. Qxd4 exd4 23. Rfd1 Rf7 24. Rxd4 Rxa2 25. f3 Rb2 26. b6 h6 27. Re1
Kh7 28. Re7 Bg6 29. Re6 Rf5 30. Rxd6 Rb1+ 31. Kf2 Rb2+ 32. Kg1 Rb1+ 33. Kf2
Rb2+ 34. Kg1 1/2-1/2

[Event "AUT-chT 2001-2002"]
[Site "Dornbirn"]
[Date "2002.03.09"]
[Round "10.3"]
[White "Schlosser, Michael"]
[Black "Weinzettl, Ernst"]
[Result "1/2-1/2"]
[WhiteElo "2355"]
[BlackElo "2415"]
[PlyCount "63"]
[EventDate "2002.03.09"]

1. e4 e6 2. d4 d5 3. Nc3 Nf6 4. Bg5 Be7 5. e5 Nfd7 6. Bxe7 Qxe7 7. f4 O-O 8.
Nf3 c5 9. Nb5 Nc6 10. c3 f6 11. h4 a6 12. Nd6 fxe5 13. fxe5 cxd4 14. cxd4 Ndxe5
15. dxe5 Nxe5 16. Nxc8 Nxf3+ 17. gxf3 Raxc8 18. Bg2 Rc4 19. Qe2 Qb4+ 20. Kf1
Re4 21. Qc2 Qb5+ 22. Kf2 Qb6+ 23. Kf1 Qe3 24. Rh3 Rc4 25. Qf2 Qxf2+ 26. Kxf2
Rc2+ 27. Kg3 Rxb2 28. Rhh1 Rc8 29. Bh3 Kf7 30. Rhe1 Rc6 31. Re5 Kf6 32. Rae1
1/2-1/2

[Event "AUT-chT 2001-2002"]
[Site "Dornbirn"]
[Date "2002.03.09"]
[Round "10.4"]
[White "Ellers, Holger"]
[Black "Schwarz, Michael"]
[Result "0-1"]
[WhiteElo "2444"]
[BlackElo "2389"]
[PlyCount "86"]
[EventDate "2002.03.09"]

1. d4 g6 2. Nf3 Bg7 3. c4 d6 4. Nc3 c6 5. e4 Bg4 6. Be3 Nd7 7. Be2 Ngf6 8. O-O
O-O 9. Qd2 e5 10. Rfd1 Qe7 11. h3 Bxf3 12. Bxf3 Rfd8 13. Rac1 Ne8 14. Re1 Nc7
15. d5 c5 16. Be2 Rf8 17. a3 f5 18. exf5 gxf5 19. f4 Kh8 20. b4 b6 21. bxc5
Nxc5 22. Qc2 Bh6 23. Bf1 Qg7 24. Qf2 Ne4 25. Nxe4 fxe4 26. g3 Bxf4 27. g4 Na6
28. Rc2 Bxe3 29. Qxe3 Nc5 30. Bg2 Rf4 31. Rce2 Raf8 32. Qg3 Qg5 33. Re3 h5 34.
gxh5 Qxh5 35. R1e2 Rg8 36. Qe1 Rf3 37. Kh2 Rxg2+ 38. Rxg2 Qxh3+ 39. Kg1 Rxe3
40. Qf2 Qh6 41. Rh2 Rh3 42. Rxh3 Qxh3 43. Qf8+ Kh7 0-1

[Event "AUT-chT 2001-2002"]
[Site "Dornbirn"]
[Date "2002.03.09"]
[Round "10.5"]
[White "Kotz, Heinz Peter"]
[Black "Sprenger, Wendelin"]
[Result "1-0"]
[WhiteElo "2364"]
[BlackElo "2180"]
[PlyCount "55"]
[EventDate "2002.03.09"]

1. e4 c5 2. Nf3 d6 3. d4 cxd4 4. Nxd4 Nf6 5. Nc3 a6 6. Bc4 e6 7. Bb3 b5 8. O-O
Be7 9. Qf3 Bb7 10. Re1 O-O 11. a3 Nc6 12. Nxc6 Bxc6 13. Bf4 Qb6 14. Nd5 Bxd5
15. exd5 e5 16. Bg5 Rac8 17. Rad1 a5 18. c3 h6 19. Be3 Qb7 20. Qf5 g6 21. Qh3
h5 22. f4 exf4 23. Bxf4 Ng4 24. Qg3 Qa7+ 25. Kf1 Rfe8 26. h3 Ne5 27. Bxe5 dxe5
28. d6 1-0

[Event "AUT-chT 2001-2002"]
[Site "Dornbirn"]
[Date "2002.03.09"]
[Round "10.6"]
[White "Hoellrigl, Wilfried"]
[Black "Perhinig, Robert"]
[Result "1/2-1/2"]
[WhiteElo "2196"]
[BlackElo "2191"]
[PlyCount "110"]
[EventDate "2002.03.09"]

1. e4 e6 2. d4 d5 3. e5 c5 4. c3 Nc6 5. Nf3 Bd7 6. a3 Nge7 7. Bd3 cxd4 8. cxd4
Nf5 9. Bxf5 exf5 10. Nc3 Be6 11. O-O Be7 12. b4 O-O 13. Be3 a6 14. Na4 Na7 15.
Qd3 Bd7 16. Nc3 Be6 17. Nd2 a5 18. b5 Qd7 19. Rfc1 Rfc8 20. b6 Nc6 21. Qb5 a4
22. Nxa4 Nxe5 23. Rxc8+ Rxc8 24. Qxd7 Nxd7 25. Nb3 Rc4 26. Nbc5 f4 27. Bd2 Rxd4
28. Bb4 Bxc5 29. Nxc5 Nxb6 30. Nxe6 fxe6 31. Bc5 Rd2 32. Bxb6 Kf7 33. Rb1 Kf6
34. Kf1 e5 35. Bc7 Kf5 36. a4 e4 37. a5 e3 38. fxe3 fxe3 39. Bg3 Ra2 40. Be1 d4
41. Rxb7 d3 42. Rb1 e2+ 43. Kf2 d2 44. Bxd2 Rxd2 45. a6 Ra2 46. Rb7 Kf6 47. a7
h6 48. h4 Kg6 49. g4 Kf6 50. h5 g5 51. Rb2 Rxa7 52. Rxe2 Ra4 53. Kf3 Ra3+ 54.
Kg2 Ra4 55. Kf3 Ra3+ 1/2-1/2

[Event "AUT-chT 2001-2002"]
[Site "Dornbirn"]
[Date "2002.03.09"]
[Round "10.3"]
[White "Wach, Markus"]
[Black "Madl, Ildiko"]
[Result "1/2-1/2"]
[WhiteElo "2386"]
[BlackElo "2426"]
[PlyCount "87"]
[EventDate "2002.03.09"]

1. e4 c5 2. c3 d5 3. exd5 Qxd5 4. d4 Nf6 5. Nf3 Bg4 6. Be2 e6 7. Na3 Nc6 8. Be3
cxd4 9. Nb5 Rc8 10. Nbxd4 a6 11. Nxc6 Qxc6 12. O-O Bd6 13. h3 Bh5 14. Nd4 Bxe2
15. Qxe2 Qc4 16. Qxc4 Rxc4 17. Rad1 Be7 18. Nb3 b5 19. Bd4 O-O 20. Na5 Rcc8 21.
Bxf6 Bxf6 22. Rd6 Ra8 23. Rfd1 Rfc8 24. Rd7 Kf8 25. Kf1 Ke8 26. Ke2 b4 27. cxb4
Bxb2 28. Rb7 Rab8 29. Rd2 Rxb7 30. Nxb7 Be5 31. a3 Ke7 32. Nc5 Bd6 33. Nxa6 Ra8
34. b5 Bxa3 35. Ra2 Bc5 36. Rc2 Bd6 37. Rc6 Kd7 38. Kd3 Rc8 39. Rb6 e5 40. Rb7+
Ke6 41. b6 Rc6 42. Nc7+ Bxc7 43. bxc7 Rc1 44. Kd2 1/2-1/2

[Event "AUT-chT 2001-2002"]
[Site "Dornbirn"]
[Date "2002.03.09"]
[Round "10.6"]
[White "Hamberger, Hermann"]
[Black "Postl, Anton"]
[Result "0-1"]
[WhiteElo "2141"]
[BlackElo "2283"]
[PlyCount "156"]
[EventDate "2002.03.09"]

1. e4 c5 2. Nf3 d6 3. d4 cxd4 4. Nxd4 Nf6 5. Nc3 a6 6. h3 e6 7. g4 b5 8. g5
Nfd7 9. Bg2 Bb7 10. a3 Qc7 11. Qe2 Be7 12. h4 Nb6 13. h5 Qc4 14. Qxc4 Nxc4 15.
b3 Nb6 16. Be3 N8d7 17. O-O-O Rc8 18. Kb2 Ne5 19. Bh3 Rxc3 20. Kxc3 Bxe4 21.
Rhg1 Nd5+ 22. Kb2 Nf3 23. Rg3 Nxe3 24. fxe3 Nxg5 25. Bf1 Bf6 26. c3 Ke7 27. b4
Rc8 28. a4 Bd5 29. Bd3 bxa4 30. Ra1 Ne4 31. Bxe4 Bxe4 32. Rxa4 Bd3 33. Rg1 d5
34. Rd1 Bc4 35. Ra5 Kd6 36. Rda1 Rb8 37. Rc5 Rb6 38. Kc2 Ke5 39. Nc6+ Ke4 40.
Kd2 Bg5 41. Re1 Bh4 42. Rg1 f5 43. Rxg7 Bf2 44. Rxc4+ dxc4 45. Na5 Bxe3+ 46.
Ke2 f4 47. Rf7 Rb5 48. Nxc4 Rxh5 49. Nd6+ Kd5 50. Ne8 Rh2+ 51. Kf3 h5 52. Nf6+
Ke5 53. Nd7+ Kd6 54. Ke4 Re2 55. Kd3 Re1 56. Nf6 h4 57. Ne4+ Ke5 58. Ng5 Rd1+
59. Ke2 Rd2+ 60. Kf3 Rd3 61. Kg4 Rxc3 62. Nf3+ Ke4 63. Rf6 Kd5 64. Rh6 Rc8 65.
Rh5+ Kd6 66. Ra5 Rg8+ 67. Kxh4 Ke7 68. Rxa6 Kf6 69. Ra5 Bf2+ 70. Kh3 Rg3+ 71.
Kh2 Rxf3 72. Kg2 Rb3 73. Kxf2 Rxb4 74. Kf3 e5 75. Kg4 Ke6 76. Ra6+ Kd5 77. Kf5
f3 78. Ra1 Rf4+ 0-1

[Event "AUT-chT 2001-2002"]
[Site "Dornbirn"]
[Date "2002.03.09"]
[Round "10.1"]
[White "Hickl, Joerg"]
[Black "Ftacnik, Lubomir"]
[Result "1/2-1/2"]
[WhiteElo "2600"]
[BlackElo "2566"]
[PlyCount "61"]
[EventDate "2002.03.09"]

1. g3 g6 2. Bg2 Bg7 3. Nf3 c5 4. O-O Nc6 5. c3 Nf6 6. d3 d5 7. a3 O-O 8. Nbd2
b6 9. b4 Nd7 10. Qb3 Bb7 11. Bb2 e6 12. Rfe1 a5 13. Rab1 axb4 14. cxb4 cxb4 15.
Bxg7 Kxg7 16. axb4 b5 17. Rec1 Ra4 18. Rxc6 Bxc6 19. Qc3+ Nf6 20. Qxc6 Qb8 21.
Rc1 Rxb4 22. Qc3 Ra4 23. e4 b4 24. Qb2 Rc8 25. Rb1 Qc7 26. exd5 exd5 27. Bh3
Rca8 28. Rc1 Qb6 29. Rb1 Qc7 30. Rc1 Qb6 31. Rb1 1/2-1/2

[Event "AUT-chT 2001-2002"]
[Site "Dornbirn"]
[Date "2002.03.09"]
[Round "10.2"]
[White "Van Der Weide, Karel"]
[Black "Atlas, Valeri"]
[Result "0-1"]
[WhiteElo "2457"]
[BlackElo "2484"]
[PlyCount "92"]
[EventDate "2002.03.09"]

1. e4 c5 2. Nf3 e6 3. d4 cxd4 4. Nxd4 Nf6 5. Nc3 d6 6. g4 h6 7. h4 Be7 8. Qf3
Nc6 9. Bb5 Bd7 10. Bxc6 bxc6 11. g5 Nh7 12. Be3 Nf8 13. gxh6 gxh6 14. O-O-O Qc7
15. Qh5 Rh7 16. f4 O-O-O 17. f5 e5 18. Nb3 Kb8 19. Rhf1 f6 20. Rg1 Be8 21. Qe2
h5 22. Qc4 Nd7 23. Rg8 Nb6 24. Qa6 Bd7 25. Rdg1 Bc8 26. Qd3 Bf8 27. R8g6 Rf7
28. Rd1 Be7 29. Rh6 d5 30. Bxb6 axb6 31. exd5 Bb7 32. d6 Rxd6 33. Qc4 Rxd1+ 34.
Nxd1 Bf8 35. Rh8 Ka7 36. Nc3 Ba6 37. Qe6 e4 38. Kb1 Re7 39. Qg8 Rg7 40. Qxf8
Rg1+ 41. Nc1 Rxc1+ 42. Kxc1 Qf4+ 43. Kd1 Qf3+ 44. Ke1 Qe3+ 45. Kd1 Qg1+ 46. Kd2
e3# 0-1

[Event "AUT-chT 2001-2002"]
[Site "Dornbirn"]
[Date "2002.03.09"]
[Round "10.5"]
[White "Gaertner, Guntram"]
[Black "Lendwai, Reinhard"]
[Result "0-1"]
[WhiteElo "2392"]
[BlackElo "2372"]
[PlyCount "142"]
[EventDate "2002.03.09"]

1. b3 d5 2. Bb2 Nf6 3. e3 Bf5 4. Nf3 e6 5. Be2 Bd6 6. c4 O-O 7. cxd5 exd5 8.
O-O Nbd7 9. Ba3 Bxa3 10. Nxa3 c6 11. Nc2 Bxc2 12. Qxc2 Qe7 13. Qb2 Ne4 14. d3
Nd6 15. Rfe1 Rfe8 16. Rac1 a5 17. Qd4 Nb5 18. Qb2 h6 19. d4 Nd6 20. Qc2 f5 21.
Bd3 Qf6 22. g3 g5 23. h4 Ne4 24. hxg5 hxg5 25. Kg2 Kg7 26. Rh1 Rh8 27. Nd2 g4
28. f3 Nxd2 29. Qxd2 gxf3+ 30. Kxf3 Qg5 31. Qf2 Nf6 32. Kg2 Ng4 33. Qf4 Qxf4
34. exf4 Rae8 35. Rxh8 Rxh8 36. Re1 Kf6 37. Re2 b5 38. Kg1 Rh3 39. Kg2 Rh2+ 40.
Kg1 Rxe2 41. Bxe2 Ne3 42. Bd3 b4 43. Ba6 Nc2 44. Bb7 Nxd4 45. Kf2 Ke6 46. Bc8+
Kd6 47. Ke3 c5 48. Ba6 Nc6 49. Bd3 Ke6 50. Ba6 Ne7 51. Be2 Ng8 52. Ba6 Kd7 53.
Bb7 Nf6 54. Kd3 Kc7 55. Ba8 Kd6 56. Bb7 Ne4 57. Bc8 Nxg3 58. Ke3 Ne4 59. Kd3
Nc3 60. Bxf5 Nxa2 61. Kc2 Nc3 62. Bd3 a4 63. bxa4 Nxa4 64. Kb3 Nc3 65. Ba6 Ne4
66. Bb7 Ng3 67. Ba6 Nh5 68. f5 Ke5 69. Ka4 Kd4 70. Kb3 Nf6 71. Bc8 Ne4 0-1

[Event "AUT-chT 2001-2002"]
[Site "Dornbirn"]
[Date "2002.03.09"]
[Round "10.6"]
[White "Mahdy, Khaled"]
[Black "Amann, Guenter"]
[Result "1/2-1/2"]
[WhiteElo "2352"]
[BlackElo "2270"]
[PlyCount "45"]
[EventDate "2002.03.09"]

1. e4 c5 2. Nf3 d6 3. c3 Nf6 4. Bd3 Nc6 5. Bc2 Bg4 6. h3 Bh5 7. d3 e6 8. Qe2
Be7 9. Nbd2 Qc7 10. Nf1 d5 11. Ng3 Bg6 12. Bg5 dxe4 13. dxe4 O-O 14. Nh4 Nh5
15. Nxh5 Bxg5 16. Nf3 Bxh5 17. g4 Bxg4 18. hxg4 Bf4 19. g5 Ne5 20. Nxe5 Qxe5
21. Qh5 h6 22. gxh6 Qxh5 23. Rxh5 1/2-1/2

[Event "AUT-chT 2001-2002"]
[Site "Dornbirn"]
[Date "2002.03.09"]
[Round "10.2"]
[White "Rolletschek, Heinrich"]
[Black "Varga, Peter"]
[Result "0-1"]
[WhiteElo "2269"]
[BlackElo "2484"]
[PlyCount "72"]
[EventDate "2002.03.09"]

1. e4 c5 2. Nf3 Nc6 3. d3 g6 4. g3 Bg7 5. Bg2 e5 6. c3 Nge7 7. Na3 O-O 8. O-O
h6 9. Be3 b6 10. Qd2 Kh7 11. Ne1 d5 12. f4 exf4 13. gxf4 dxe4 14. dxe4 Qxd2 15.
Bxd2 Ba6 16. Rf2 Rad8 17. Nf3 Rd7 18. Be3 Rfd8 19. Rd2 f5 20. Rxd7 Rxd7 21. e5
Nd8 22. c4 Ne6 23. h4 Bb7 24. Re1 Nc6 25. Nc2 Na5 26. b3 Be4 27. Re2 Rd1+ 28.
Kf2 Bd3 29. Nfe1 Bxe2 30. Kxe2 Rd8 31. Nd3 Bf8 32. Bf2 Rxd3 33. Kxd3 Nxf4+ 34.
Ke3 Nxg2+ 35. Kf3 Nxh4+ 36. Bxh4 g5 0-1

[Event "AUT-chT 2001-2002"]
[Site "Dornbirn"]
[Date "2002.03.09"]
[Round "10.3"]
[White "Vogt, Lothar"]
[Black "Baumgartner, Heinz"]
[Result "1-0"]
[WhiteElo "2460"]
[BlackElo "2350"]
[PlyCount "67"]
[EventDate "2002.03.09"]

1. e4 e5 2. Nf3 Nc6 3. Bb5 f5 4. Nc3 fxe4 5. Nxe4 Nf6 6. Qe2 d5 7. Nxf6+ gxf6
8. d4 Bg7 9. dxe5 O-O 10. e6 Re8 11. O-O Rxe6 12. Be3 Ne5 13. c4 Nxc4 14. Bxc4
dxc4 15. Qxc4 Kh8 16. Rad1 Rd6 17. Nd4 f5 18. Rfe1 Be6 19. Qc2 Bd7 20. Ne2 Rxd1
21. Rxd1 Qc8 22. Bd4 Bxd4 23. Nxd4 c6 24. Qc3 Kg8 25. Qg3+ Kf7 26. Nf3 Be8 27.
Ng5+ Kg8 28. Ne6+ Bg6 29. Qe5 Kf7 30. Qg7+ Kxe6 31. Re1+ Kd5 32. Qe5+ Kc4 33.
Rc1+ Kb4 34. Qc5+ 1-0

[Event "AUT-chT 2001-2002"]
[Site "Dornbirn"]
[Date "2002.03.09"]
[Round "10.4"]
[White "Niedermayr, Horst"]
[Black "Neubauer, Martin"]
[Result "1/2-1/2"]
[WhiteElo "2178"]
[BlackElo "2434"]
[PlyCount "102"]
[EventDate "2002.03.09"]

1. e4 g6 2. d4 Bg7 3. Be2 c6 4. h4 d5 5. e5 h5 6. Nh3 Na6 7. Nc3 Nc7 8. Be3 Nh6
9. Qd2 Nf5 10. Ng5 Ne6 11. O-O-O Qa5 12. Kb1 b5 13. Bf3 Rb8 14. Ne2 Qxd2 15.
Rxd2 Nxe3 16. fxe3 Nxg5 17. hxg5 Bf5 18. Ng3 Bd7 19. e4 e6 20. exd5 exd5 21.
Nf1 Be6 22. Ne3 Kd7 23. Rf2 Bf8 24. Bg4 Be7 25. Bh3 Rbf8 26. Rhf1 Rh7 27. Rf6
Bxf6 28. Rxf6 Re8 29. b3 Bxh3 30. gxh3 Re6 31. Rf2 b4 32. Kb2 a5 33. c4 bxc3+
34. Kxc3 Re8 35. h4 Ke7 36. Rf6 Rc8 37. Ng2 Rhh8 38. Nf4 Rhf8 39. e6 Rc7 40.
exf7 Rxf7 41. Nxg6+ Kd8 42. Ne5 Rxf6 43. gxf6 Ke8 44. a3 Rh7 45. b4 a4 46. Nxc6
Kf7 47. b5 Kxf6 48. Kb4 Kf5 49. Kxa4 Kg4 50. Kb4 Kxh4 51. a4 Kg4 1/2-1/2

[Event "AUT-chT 2001-2002"]
[Site "Dornbirn"]
[Date "2002.03.09"]
[Round "10.6"]
[White "Winiwarter, Felix"]
[Black "Neumeier, Klaus"]
[Result "1-0"]
[WhiteElo "2174"]
[BlackElo "2344"]
[PlyCount "67"]
[EventDate "2002.03.09"]

1. e4 c5 2. Nf3 d6 3. d4 cxd4 4. Nxd4 Nf6 5. Nc3 g6 6. Be3 Bg7 7. Be2 O-O 8.
O-O Nc6 9. Nb3 Be6 10. f4 Qc8 11. Kh1 Rd8 12. Bf3 d5 13. e5 d4 14. Nxd4 Ng4 15.
Bxg4 Bxg4 16. Nxc6 bxc6 17. Qe1 f6 18. h3 Bf5 19. Qe2 fxe5 20. fxe5 Bxe5 21.
Bg5 Bg7 22. Bxe7 Re8 23. Rae1 h5 24. Qc4+ Kh8 25. Qh4 Kg8 26. Qc4+ Kh7 27. g4
hxg4 28. hxg4 Bxg4 29. Ne4 Rxe7 30. Ng5+ Kh6 31. Rxe7 c5 32. Rxg7 Qc6+ 33. Kg1
Qd6 34. Nf7+ 1-0

[Event "AUT-chT 2001-2002"]
[Site "Dornbirn"]
[Date "2002.03.10"]
[Round "11.2"]
[White "Horvath, Jozsef"]
[Black "Rolletschek, Heinrich"]
[Result "1-0"]
[WhiteElo "2551"]
[BlackElo "2269"]
[PlyCount "41"]
[EventDate "2002.03.10"]

1. d4 f5 2. g3 Nf6 3. Bg2 g6 4. Nh3 Bg7 5. Nf4 d6 6. d5 c6 7. Nc3 e5 8. dxe6
Qe7 9. e4 fxe4 10. Nxe4 Nxe4 11. Bxe4 Na6 12. O-O O-O 13. Re1 Nc7 14. Bg2 g5
15. Nh5 Bxe6 16. Nxg7 Kxg7 17. b3 Qf6 18. Be3 Kg6 19. h4 gxh4 20. Be4+ Kf7 21.
Qh5+ 1-0

[Event "AUT-chT 2001-2002"]
[Site "Dornbirn"]
[Date "2002.03.10"]
[Round "11.3"]
[White "Baumgartner, Heinz"]
[Black "Hoelzl, Franz"]
[Result "1/2-1/2"]
[WhiteElo "2350"]
[BlackElo "2369"]
[PlyCount "46"]
[EventDate "2002.03.10"]

1. Nf3 g6 2. g3 Bg7 3. d4 c5 4. c3 Qa5 5. Bg2 cxd4 6. Nxd4 Nf6 7. O-O O-O 8. e4
d6 9. h3 Nc6 10. Be3 Bd7 11. Nd2 Nxd4 12. Bxd4 Rfc8 13. Re1 Ba4 14. b3 Bc6 15.
Nc4 Qd8 16. e5 dxe5 17. Bxc6 Rxc6 18. Bxe5 b5 19. Qxd8+ Rxd8 20. Na5 Rcc8 21.
c4 bxc4 22. Nxc4 Nd5 23. Bxg7 Kxg7 1/2-1/2

[Event "AUT-chT 2001-2002"]
[Site "Dornbirn"]
[Date "2002.03.10"]
[Round "11.4"]
[White "Steflitsch, Erich"]
[Black "Niedermayr, Horst"]
[Result "1/2-1/2"]
[WhiteElo "2371"]
[BlackElo "2178"]
[PlyCount "81"]
[EventDate "2002.03.10"]

1. e4 d5 2. exd5 Qxd5 3. Nc3 Qa5 4. d4 c6 5. Bc4 Bf5 6. Nf3 e6 7. Bd2 Nd7 8.
Qe2 Bb4 9. O-O Ngf6 10. a3 Bxc3 11. Bxc3 Qc7 12. Rad1 O-O 13. Bd3 Bxd3 14. Rxd3
Nd5 15. Bd2 Nf4 16. Bxf4 Qxf4 17. Rfd1 Rad8 18. c3 h6 19. Ne1 Nf6 20. Rg3 Rd5
21. Nd3 Qe4 22. Re3 Qf5 23. Rf3 Qe4 24. Re3 Qf5 25. Re1 Rfd8 26. Rf3 Qh7 27.
Ne5 Rf8 28. Qe3 Qc2 29. Nd3 Rg5 30. Re2 Qd1+ 31. Re1 Qc2 32. Re2 Qd1+ 33. Re1
Qc2 34. Rc1 Qb3 35. h4 Rg4 36. Ne5 Re4 37. Qd2 Rd8 38. Rxf6 Rxe5 39. Rf3 Re4
40. g3 e5 41. Rd3 1/2-1/2

[Event "AUT-chT 2001-2002"]
[Site "Dornbirn"]
[Date "2002.03.10"]
[Round "11.5"]
[White "Woeber, Friedrich"]
[Black "Pilaj, Herwig"]
[Result "1/2-1/2"]
[WhiteElo "2189"]
[BlackElo "2318"]
[PlyCount "34"]
[EventDate "2002.03.10"]

1. e4 c5 2. d4 cxd4 3. c3 d3 4. Bxd3 Nc6 5. Nf3 g6 6. O-O Bg7 7. Bf4 Nf6 8. Re1
d6 9. Nbd2 O-O 10. Qe2 Nd7 11. Rad1 b6 12. Nb3 Nde5 13. Nxe5 Nxe5 14. Bc2 Qc7
15. Nd4 Bb7 16. Bb3 Rac8 17. Bd5 Qb8 1/2-1/2

[Event "AUT-chT 2001-2002"]
[Site "Dornbirn"]
[Date "2002.03.10"]
[Round "11.6"]
[White "Genser, Harald"]
[Black "Winiwarter, Felix"]
[Result "1/2-1/2"]
[WhiteElo "2259"]
[BlackElo "2174"]
[PlyCount "41"]
[EventDate "2002.03.10"]

1. c4 g6 2. Nc3 Bg7 3. d4 f5 4. Nf3 Nf6 5. g3 O-O 6. Bg2 d6 7. O-O Nc6 8. d5
Na5 9. Qd3 c5 10. Nd2 a6 11. e3 Ng4 12. a3 b5 13. cxb5 axb5 14. Nxb5 Ba6 15. a4
Qd7 16. Rd1 c4 17. Qc2 Nb3 18. Ra3 Bxb5 19. axb5 Nxd2 20. Bxd2 Qxb5 21. Rxa8
1/2-1/2

[Event "AUT-chT 2001-2002"]
[Site "Dornbirn"]
[Date "2002.03.10"]
[Round "11.2"]
[White "Varga, Peter"]
[Black "Van Der Weide, Karel"]
[Result "1-0"]
[WhiteElo "2484"]
[BlackElo "2457"]
[PlyCount "129"]
[EventDate "2002.03.10"]

1. d4 Nf6 2. c4 c5 3. d5 b5 4. cxb5 a6 5. bxa6 g6 6. Nc3 Bxa6 7. Nf3 d6 8. e4
Bxf1 9. Kxf1 Bg7 10. h3 O-O 11. g3 Nbd7 12. Kg2 Qa5 13. Re1 Rfb8 14. Re2 Ne8
15. Bg5 Bxc3 16. bxc3 f6 17. Bd2 Qa4 18. Be1 Nb6 19. Qxa4 Nxa4 20. c4 Kf7 21.
Rc2 Nc7 22. Bd2 Rb2 23. Rac1 Rab8 24. Ne1 Rxc2 25. Rxc2 Rb1 26. Nd3 Na8 27. f4
N8b6 28. Kf2 h5 29. h4 f5 30. e5 Rd1 31. Ke2 Ra1 32. Ba5 Kf8 33. e6 Kg7 34. Nc1
Rb1 35. Kd3 Kf8 36. Bxb6 Nxb6 37. Rc3 Na4 38. Ra3 Rb4 39. Rb3 Nb2+ 40. Kc2 Nxc4
41. Rxb4 cxb4 42. Kd3 Nb6 43. Kd4 Ke8 44. Nd3 b3 45. axb3 Kd8 46. Nb4 Kc7 47.
Nc6 Nc8 48. b4 Kb6 49. Kc4 Ka6 50. b5+ Kb7 51. Kb4 Kb6 52. Kc4 Kc7 53. Kb3 Kb7
54. Ka3 Kc7 55. Ka4 Nb6+ 56. Ka5 Nxd5 57. Ka6 Nb6 58. Nxe7 d5 59. Nxg6 Na4 60.
e7 Nc5+ 61. Ka7 Kd7 62. b6 d4 63. b7 Nxb7 64. Kxb7 Ke8 65. Ne5 1-0

[Event "AUT-chT 2001-2002"]
[Site "Dornbirn"]
[Date "2002.03.10"]
[Round "11.5"]
[White "Lendwai, Reinhard"]
[Black "Ganaus, Hannes"]
[Result "1/2-1/2"]
[WhiteElo "2372"]
[BlackElo "2364"]
[PlyCount "156"]
[EventDate "2002.03.10"]

1. e4 e6 2. d3 d5 3. Nd2 c5 4. Ngf3 Nc6 5. g3 Bd6 6. Bg2 Nge7 7. O-O O-O 8. Nh4
Bc7 9. f4 f5 10. Nhf3 h6 11. Re1 b5 12. a4 fxe4 13. dxe4 b4 14. Nb3 Bb6 15. Be3
d4 16. Bf2 a5 17. Bf1 e5 18. Bc4+ Kh7 19. f5 Qd6 20. g4 Ba6 21. Nbd2 Bc7 22.
Bxa6 Rxa6 23. Nc4 Qf6 24. Bh4 g5 25. Bg3 Nc8 26. Qd3 Ra7 27. b3 Re8 28. Kf2 Bd8
29. Rh1 Qg7 30. Rag1 Bf6 31. h4 Kg8 32. hxg5 hxg5 33. Rh5 Nd8 34. Ncxe5 Nd6 35.
Re1 Rae7 36. Ng6 Nxe4+ 37. Kg2 Nxg3 38. Nxe7+ Rxe7 39. Rxe7 Qxe7 40. Kxg3 Qd6+
41. Kh3 Nf7 42. Qe4 Kg7 43. Kg2 c4 44. bxc4 d3 45. cxd3 b3 46. Qe6 Qf4 47. Rh7+
Kxh7 48. Qxf7+ Bg7 49. f6 Qxf6 50. Qxf6 Bxf6 51. Nd2 b2 52. Kf3 Kg6 53. Ke4 Kf7
54. Kd5 Ke7 55. d4 Kd7 56. c5 Bg7 57. Nb1 Bf6 58. Na3 Bd8 59. Nb1 Bf6 60. Kc4
Ke6 61. d5+ Ke5 62. d6 Ke6 63. Kb5 Kd7 64. Na3 Be5 65. Kxa5 Kc6 66. Ka6 Bf6 67.
d7 Bd8 68. Ka7 Kxc5 69. Kb7 Kb4 70. Nb1 Kb3 71. Kc8 Bf6 72. Nd2+ Kxa4 73. d8=Q
Bxd8 74. Kxd8 Kb4 75. Kd7 Kc3 76. Nb1+ Kc2 77. Na3+ Kb3 78. Nb1 Kc2 1/2-1/2

[Event "AUT-chT 2001-2002"]
[Site "Dornbirn"]
[Date "2002.03.10"]
[Round "11.6"]
[White "Neumeier, Klaus"]
[Black "Mahdy, Khaled"]
[Result "0-1"]
[WhiteElo "2344"]
[BlackElo "2352"]
[PlyCount "96"]
[EventDate "2002.03.10"]

1. e4 c6 2. d4 d5 3. Nd2 g6 4. Ngf3 Bg7 5. c3 dxe4 6. Nxe4 Nf6 7. Nxf6+ exf6 8.
Bc4 O-O 9. O-O Nd7 10. Bf4 Nb6 11. Bb3 a5 12. a3 a4 13. Ba2 Nd5 14. Bg3 b5 15.
Ne1 Bh6 16. Qf3 Bf5 17. Bxd5 Qxd5 18. Qxd5 cxd5 19. Nf3 Rfe8 20. Rfe1 Be4 21.
h3 Bc2 22. Nh2 Bd2 23. Rxe8+ Rxe8 24. Nf1 Bh6 25. Bd6 Re6 26. Bb4 Bd3 27. Rd1
Bc4 28. Ne3 Bxe3 29. fxe3 Rxe3 30. Rd2 f5 31. Bd6 g5 32. g3 Re6 33. Bb8 Kg7 34.
Kf2 Kg6 35. Bc7 f6 36. Bb8 Re4 37. Kf3 h5 38. h4 Kf7 39. Rh2 Kg6 40. Bc7 f4 41.
gxf4 g4+ 42. Kg3 Re3+ 43. Kf2 Rf3+ 44. Kg1 Kf5 45. Rd2 g3 46. Rd1 Rf2 47. Re1
Be2 48. Bd8 Rh2 0-1